| Registos Bibliográficos associados ao registo de autoridade |
|
Etiqueta de registo: 00254nam 2200025 450 001 2285768 003 http://id.bnportugal.gov.pt/bib/catbnp/2285768 100 ## $a20260505d1767 m y0pory01030103ba 101 0# $apor 102 ## $aPT 105 ## $ay z 000yy 106 ## $ar 200 1# $aMicroscopio das amisades, e liçam útil para bem se conhecer, e saber escolher os que
se dévem tomar para amigos$edefiniçam da amisade, e dos Amigos do tempo de hoje$eremedio perseruativo dos males, que das amisades se originaõ.$hParte primeira$fpor Elmirno Paugs-Lad Christianus 210 #9 $aLisboa$cna officina de Caetano Ferreira da Costa,$d1767 215 ## $a8 p.$d4º (20 cm) 304 ## $aTít. de apresentação do texto 306 ## $aPé de imprensa no cólofon 307 ## $aAssin.: *//4 321 ## $aBGUC 518 1# $aMicroscópio das amizades e lição útil para bem se conhecer e saber escolher os que
se devem tomar para amigos 620 ## $dLisboa 700 #1 $aPaugs-Lad,$bElmirno,$f17--$31997692 702 #1 $aCosta,$bCaetano Ferreira da,$ffl. 1761-1775$4610$392235 801 #0 $aPT$bBN$gRPC 966 ## $lBN$mFGMON$sL. 3559//29 A. 971 ## $cpmesqui$d20260505 997 ## $aBIBEOD
|
|
|